000 00858nas a2200277 4500
001 BR2013001776
003 BR-BrBNA
005 20231205122019.0
007 ta
008 230509b bl.|||p| |||| 00| 00por d
040 _aBR-BrBNA
_bpor
_cBiblioteca Nacional de Agricultura
041 _a(Pt)
072 _aP34
100 1 _aSantos, R. de A.
100 1 _aGarcia, M.J.
100 1 _aOliveira, P.E. de
100 1 _aGiannini, P.C.F.
100 1 _aFernandes, R.S.
100 1 _aBistrichi, C.A.
245 1 _aPalinomorfos das turfas de Eugênio de Melo, médio vale do rio Paraíba do Sul, São Paulo, Brasil
650 _aBIOLOGIA DO SOLO
650 _aTURFA
773 0 _tIheringia. Série Botânica (Brazil)
_xISSN 0073-4705
_g(Jun 2012), v. 67(1) p. 9-24
_wBR2013001776
909 _a202311
_bLúcia
_c55
_dLúcia Elande
942 _2AGRIS
_n0
_cANA
999 _c226452
_d226452